000
00339nam a2200133Ia 4500
008
240624s9999 xx 000 0 und d
041
_a
eng
082
_a
658.4063 PYL
100
_a
PYLE ROD
245
_a
INNOVATION THE NASA HARNESSING THE POWER
260
_c
2014
_a
New York
_b
McGraw-Hill
300
_a
278 p. : 23 ; cm.
365
_c
_b
33
999
_c
32665
_d
32665